000 00373nam a2200157Ia 4500
003 0STCL
008 150530s9999 xx 000 0 und d
040 _aSTCL
_cSTCL
100 _aSethi, J.D.
245 _aProblems of monetary policy in an under developed country
260 _c1961
546 _aEnglish
942 _2ddc
_cBK
999 _c13338
_d13338
005 20220125165650.0